| LEADER | 00951nam a2200229 u 4500 | ||
|---|---|---|---|
| 001 | 10119569 | ||
| 003 | upatras | ||
| 005 | 20210117205806.0 | ||
| 008 | 160324s1949 gr gre | ||
| 040 | |a GR-PaULI |c GR-PaULI | ||
| 041 | 0 | |a gre | |
| 082 | 0 | 4 | |a 616.462 |
| 100 | 1 | |a Μαρίνος, Χ. Δ. |q (Χαράλαμπος Δ.) |4 aut |9 147822 | |
| 245 | 1 | 0 | |a Στατιστική ανάλυσις του διαβήτου εν Ελλάδι |c Χαρ. Δ. Μαρίνου |
| 260 | |a Αθήνα |b [χ.ό.] |c 1949 | ||
| 300 | |a 161 σ. |b πιν. |c 25 εκ. | ||
| 650 | 4 | |a Διαβήτης |9 9215 | |
| 852 | |a GR-PaULI |b ΠΑΤΡΑ |b ΒΚΠ |b ΒΣ1 |k ΑΣΧΕ |h 616.462 ΜΑΡ |m 06860 |p 025000084983 |t 1 | ||
| 942 | |2 ddc |c BK15 | ||
| 952 | |0 0 |1 0 |4 0 |6 616_462000000000000_ΜΑΡ |7 0 |9 190979 |a LISP |b LISP |c BSC |d 2016-04-24 |i 06860 |l 0 |o 616.462 ΜΑΡ |p 025000084983 |r 2016-04-24 00:00:00 |t 1 |w 2016-04-24 |y BK15 | ||
| 998 | |c ΜΠΟΥΡΑΣ |d 2016-03 | ||
| 999 | |c 117431 |d 117431 | ||